Sports Quiz

Random Sports Quiz

WNBA Champions Quiz Stats

 Plays Quiz not verified by Sporcle

Challenge
Share
Tweet
Embed
Score 0/18 Timer 05:00
0 Plays Today
Hint Answer % Correct
2007Phoenix Mercury
93.5%
2009Phoenix Mercury
93.5%
2014Phoenix Mercury
93.5%
2001Los Angeles Sparks
90.3%
2002Los Angeles Sparks
90.3%
1997Houston Comets
83.9%
1998Houston Comets
83.9%
1999Houston Comets
83.9%
2000Houston Comets
83.9%
Hint Answer % Correct
2011Minnesota Lynx
77.4%
2013Minnesota Lynx
77.4%
2003Detroit Shock
74.2%
2004Seattle Storm
74.2%
2010Seattle Storm
74.2%
2008Detroit Shock
67.7%
2012Indiana Fever
64.5%
2006Detroit Shock
58.1%
2005Sacramento Monarchs
48.4%

You're not logged in!

Compare scores with friends on all Sporcle quizzes.
Join for Free
OR
Log In

You Might Also Like...

Show Comments

Extras

Created Sep 30, 2014ReportNominate
Tags:WNBA

Top Quizzes Today


Score Distribution

Your Account Isn't Verified!

In order to create a playlist on Sporcle, you need to verify the email address you used during registration. Go to your Sporcle Settings to finish the process.

Report this User

Report this user for behavior that violates our Community Guidelines.

Details: